000 00731nam a2200217Ia 4500
003 OSt
005 20250215102017.0
008 210716s2010 xx 000 0 und d
020 _a9780521263597
040 _cAIMIT LIBRARY
041 _aeng
082 _a658.406
_21
_bFLAE
100 _aFlamholtz, Eric.
_9199936
245 _aLeading strategic change:
_bbridging theory and practical /
_cBy Eric Flamholtz and Yvonne Randle.
250 _a1st ed.
260 _aNew Delhi :
_bCambridge University Press ;
_c2010.
300 _axv,266p. ;
_bPB
_c22 cm.
650 _aLeading strategic change in actual organizations
_9199937
650 _aUnderstanding organizational change
_9199938
942 _2ddc
_cBK
_e1st ed.
_k658.406 FLAE
999 _c208508
_d208508